| 000 | 00630nam a22002057a 4500 | ||
|---|---|---|---|
| 003 | OSt | ||
| 005 | 20260424062718.0 | ||
| 008 | 260424b |||||||| |||| 00| 0 eng d | ||
| 020 | _a9971-51-419-2 | ||
| 040 |
_aDWC-Main lib. _cOC |
||
| 082 |
_21st ed. _aCirc. 519.4 Ep73a 2002 |
||
| 100 | _aEpperson, James F. | ||
| 245 |
_aAn introduction to numerical methods and analysis/ _cJames F. Epperson |
||
| 260 |
_aNew York : _bJohn Wiley and Sons, _cc2002. |
||
| 300 |
_avii,556 p. ; _c24 cm. |
||
| 504 | _aIncludes index. | ||
| 650 | _a1. Numerical analysis. | ||
| 760 | _b1st ed. | ||
| 942 |
_2ddc _cBK-CIRC _e1st ed. _hCirc. _n0 |
||
| 999 |
_c9855 _d9855 |
||